El Estado político como ministro de Dios : (Registro nro. 34511)
[ vista simple ]
| 000 -LÍDER | |
|---|---|
| Campo fijo de descripción fija | 00946aam a2200265 4500 |
| 001 - NÚMERO DE CONTROL | |
| Campo de control | 768714001 |
| 003 - IDENTIFICADOR DEL NÚMERO DE CONTROL | |
| Campo de control | CO-MdFUSB |
| 005 - FECHA Y HORA DE LA ULTIMA TRANSACCIÓN | |
| control field | 20230124172318.0 |
| 007 - CAMPO FIJO DE DESCRIPCIÓN FIJA--INFORMACIÓN GENERAL | |
| Campo fijo de descripción fija | ta |
| 008 - ELEMENTOS DE LONGITUD FIJA -- INFORMACIÓN GENERAL | |
| Campo fijo de descripción fija -- Información general | 230124bxxx ck ||||| |||| 00| 0 spa d |
| 040 ## - FUENTE DE CATALOGACIÓN | |
| Idioma de catalogación | spa. |
| Agencia de catalogación original | CO-MdFUSB |
| Agencia que realiza la transcripción | CO-MdFUSB |
| Agencia que realiza la modificación | CO-MdFUSB |
| 041 ## - CÓDIGO DE IDIOMA | |
| Código de idioma para texto/pista de sonido o título separado | spa |
| 084 ## - OTRO NUMERO DE CLASIFICACIÓN | |
| Número de clasificación | T O775y |
| 100 1# - ASIENTO PRINCIPAL--NOMBRE PERSONAL | |
| Nombre personal | Ortiz Hurtado, Jaime |
| Término relacionador | autor |
| 245 10 - TÍTULO | |
| Título del Material | El Estado político como ministro de Dios : |
| Parte restante del título - Subtitulo | Yo, Dios, soy amante del Derecho |
| Mención de responsabilidad, etc. | / Jaime Ortiz Hurtado |
| 264 ## - PRODUCTION, PUBLICATION, DISTRIBUTION, MANUFACTURE, AND COPYRIGHT NOTICE | |
| Lugar de procducción, publication, distribution, manufacture | Medellín, Colombia : |
| Nombre del productor, publicador, distribuidor y manofactura | Universidad Pontificia Bolivariana, |
| Fecha de producción, distribución, manufactura, o nota de copyright | [Fecha de producción no identificada] |
| 300 ## - DESCRIPCIÓN FÍSICA | |
| Extensión | 129 páginas |
| 336 ## - TIPO DE CONTENIDO | |
| Tipo de contenido | texto |
| Content type code | txt |
| Fuente | rdacontent |
| 337 ## - TIPO DE MEDIO | |
| Fuente | rdamedia |
| Tipo de medio | sin mediación |
| Código | n |
| 338 ## - TIPO DE SOPORTE | |
| Fuente | rdacarrier |
| rdacarrier | volumen |
| Código | nc |
| 502 ## - NOTA DE TESIS | |
| Nota de Tesis | Trabajo de grado |
| Tipo de estudio | Tesis |
| Nombre de la Institución del grado | Universidad Pontificia Bolivariana |
| 505 ## - NOTA DE CONTENIDO | |
| Nota de contenido con formato preestablecido | la autoridad política y la iglesia. -- El Estado y el ciudadano cristiano. |
| 653 ## - TERMINO DE INDIZACION - NO CONTROLADO | |
| Término de indización no controlado | Teología social |
| 942 ## - TIPO DE MATERIAL (KOHA) | |
| Tipo de Item KOHA | Trabajos de Grado |
| Estado de Retirado | Estado de Perdido | Forma de Clasificación | Estado de Dañado | No para Préstamo | Colección | Biblioteca FUSBC | Tomo | Biblioteca de Origen | Biblioteca Permanente | Fecha de Adquisición | Total de Préstamos | Total de Renovaciones | Signatura Topográfica | Código de Barras | Última vez visto | Última vez Préstado | Ejemplar/Existencia | Tipo de Material |
|---|---|---|---|---|---|---|---|---|---|---|---|---|---|---|---|---|---|---|
| Dewey Decimal Classification | Trabajos de grado | TEOLOGÍA CRISTIANA | Biblioteca FUSBC | Biblioteca FUSBC | 03/12/2004 | 4 | 2 | T O775y | 8470 | 12/12/2019 | 10/05/2018 | 1 | Trabajos de Grado |
